00610 2200229 4500001002100000005001500021035002000036008004100056245008000097100001400177250001000191260003700201300003000238020002200268084001700290082001100307650002200318990001000340990001000350990001000360990001000370INLIS00000000001204320260424110221 a0010-0426000014260424 g 0 ind 1 aMenjadi penulis :bmenjadi penulis itu tidak sulit, tapi rumit /cPuthut Ea aPuthut Ea aCet.2 aYogyakarta :bMojok Group,c2020 aviii, 196 hlm ;c13x19 cm a978-623-7284-31-4 a808.02 PUT m a808.02 4aPenulisan, teknik a58247 a58248 a58249 a58250